000 03935nam a2200469Ia 4500
001 dia_4780
003 CHAP
005 20241031172320.0
007 ta
008 220601s2010 mx abo frm 001 0 spa d
040 _amxchpua
_cCHAP
041 0 _aspa
_beng
090 _aTesis
_bR492
_c2010
100 1 _aReyes Oliver, Angélico
240 1 0 _aAseptic packed of fruit drinks.
_lEspañol
245 1 0 _aEnvasado asépico de bebidas de frutas /
_cAngélico Reyes Oliver
264 _aChapingo, México :
_bEl autor,
_c2010
300 _axiv, 114 hojas :
_bilustraciones, mapas, diagramas, tablas, fotos +
_e1 CD-ROM
336 _2rdacontent
_atexto
_btxt
337 _2rdamedia
_ano mediado
_bn
338 _2rdacarrier
_avolumen
_bnc
500 _aEl CD contiene reporte, artículo, presentación y seminario
502 _aMemoria de Experiencia Profesional
_b(Ingeniero Agroindustrial) --
_cUACh. Departamento de Ingeniería Agroindustrial,
_d2010
504 _aBibliografía: hojas 113-114
520 3 _aEl presente trabajo es una caracterización por experiencia profesional del envasado aséptico de bebidas de fruta, que muestra el desarrollo de un envase que alarga la vida de anaquel de una bebida de fruta sin necesidad de conservadores, preservando la frescura, las propiedades organolépticas, su integridad y calidad del producto. Este método inicio desde hace varias décadas, con la finalidad de proveer un alimento a cualquier parte del mundo; donde el acceso a productos alimenticios seguros y nutritivos se vea amenazado por la falta de desarrollo en los sistemas de distribución, especialmente si no se puede garantizar la cadena de frío. En el se muestra la combinación de un conjunto de técnicas que siempre se ha utilizado por la necesidad de conservar los alimentos por periodos cada vez mas largos, encumbrando cada día en el desarrollo de envases y equipos que permitan realizar esta actividad, gracias a la combinación de diferentes materiales para fabricar el envase que ha permitido ser usado en diversos productos y que se adapte a las necesidades de cada uno de ellos; con la finalidad de optimizar sus propiedades como barreras al oxigeno, vapor de agua y luz. --
520 3 _aThe present work is a characterization by professional experience of the one package fruit drink aseptic that shows the development of a container enlarge the life shelf of a fruit drink without any conservatives', it preserves the freshness, the organoleptic properties, the integrity and quality of the product. This method began fume decades ago, with the purpose of provide food to any part of the world; where the access to ensure nutritious products is threatened by the lack of development the distribution systems, especially if it cannot guarantee the chain of cold. In the combination of a group of techniques is shown that has always been used by the necessity of conserve foods for long of time, raise every day in the development of containers equipment that allow carry out this activity, thanks to the combination of material diverse to manufacture a container that has allowed to be used in diverse products and adapt needs of each one; with the purpose of optimizing their properties as barriers to oxygen, water vapor and light.
650 1 3 _aJugos de fruta
_xEmpaquetado aséptico
_2atg
650 1 3 _aEnvasado de alimentos
_2atg
650 1 3 _aAseptic packaging
_xOrange juice
_2atg
650 1 3 _aFood packaging
_2atg
700 1 _aReyes Vigil, Miguel
_edirector
700 1 _aPérez Román, Arturo
_easesor
700 1 _aPérez López, Artemio
_easesor
856 4 1 _uhttp://10.13.5.2/tesis/110611.pdf
_yDESCARGAR PDF
901 _aTESIS R492 2010
902 _aM
905 _a5232272010 mx adil8223223322spa16
942 _cTESIS
_2Clasificación Universidad Autónoma Chapingo
999 _c209539
_d209539